| 000 | 00514nam a2200181Ia 4500 | ||
|---|---|---|---|
| 005 | 20250508151755.0 | ||
| 008 | 008 250505s9999 xx 000 0 eng d | ||
| 037 | _aBooks to be hide in OPAC | ||
| 040 |
_aFEDL _beng _cFEDL |
||
| 041 |
_aeng _2eng |
||
| 084 |
_a510.8, PRY _qFEDL |
||
| 100 | _aPryde James | ||
| 245 | 0 | _aChambers's seven - figure mathematical tables | |
| 260 |
_aLondon, UK _bW & R Chambers Ltd. _c1954 |
||
| 300 | _a312p. | ||
| 942 |
_cHB _h510.8, PRY |
||
| 999 |
_c1332066 _d1332066 |
||